|
|
|
|
| LEADER |
01412nam a2200325 u 4500 |
| 001 |
10017867 |
| 003 |
upatras |
| 005 |
20210117205131.0 |
| 008 |
881025s1994 uk eng |
| 020 |
|
|
|a 0412475103
|
| 040 |
|
|
|a GR-PaULI
|c GR-PaULI
|
| 041 |
0 |
|
|a eng
|
| 082 |
0 |
4 |
|a 577.88
|
| 100 |
1 |
|
|a Gaston, Kevin J.
|9 12683
|
| 245 |
1 |
0 |
|a Rarity
|c Kevin J. Gaston
|
| 260 |
|
|
|a London
|b Chapman & Hall
|c 1994
|
| 300 |
|
|
|a x, 205 p.
|b fig.
|c 24 cm.
|
| 490 |
0 |
|
|a Population and community biology series
|v 13
|
| 504 |
|
|
|a Includes bibliographical references and index
|
| 650 |
|
4 |
|a Βιολογία
|x Μοντέλα
|9 29427
|
| 650 |
|
4 |
|a Βιολογία
|x Πληθυσμοί
|9 38627
|
| 650 |
|
4 |
|a Οικολογία
|x Οικοσυστήματα
|9 2173
|
| 760 |
1 |
|
|a Population and community biology series
|g 13
|
| 852 |
|
|
|a GR-PaULI
|b ΠΑΤΡΑ
|b ΒΚΠ
|b ΒΣ1
|k ΑΣΧΞ
|h 577.88 GAS
|m 37889
|p 025000240679
|t 1
|
| 852 |
|
|
|a GR-PaULI
|b ΠΑΤΡΑ
|b ΒΚΠ
|b ΒΣ1
|k ΑΣΧΞ
|h 577.88 GAS
|m 39199
|p 025000000438
|t 2
|
| 942 |
|
|
|2 ddc
|c BK15
|
| 952 |
|
|
|0 0
|1 0
|4 0
|6 577_880000000000000_GAS
|7 0
|9 169722
|a LISP
|b LISP
|c BSC
|d 2016-04-24
|i 37889
|l 0
|o 577.88 GAS
|p 025000240679
|r 2016-04-24 00:00:00
|t 1
|w 2016-04-24
|y BK15
|
| 952 |
|
|
|0 0
|1 0
|4 0
|6 577_880000000000000_GAS
|7 0
|9 169723
|a LISP
|b LISP
|c BSC
|d 2016-04-24
|i 39199
|l 0
|o 577.88 GAS
|p 025000000438
|r 2016-04-24 00:00:00
|t 2
|w 2016-04-24
|y BK15
|
| 998 |
|
|
|c ΣΚΟΝΔΡΑ
|d 2010-04
|
| 999 |
|
|
|c 106193
|d 106193
|